Văn phạm Nhật ngữ : (Trung cấp)

Gespeichert in:
Bibliographische Detailangaben
1. Verfasser: Trần, Việt Thanh
Format: Buch
Sprache:Undetermined
Veröffentlicht: Thành phố Hồ Chí Minh Trẻ 2004
Schlagworte:
Tags: Tag hinzufügen
Keine Tags, Fügen Sie den ersten Tag hinzu!
Thư viện lưu trữ: Trung tâm Học liệu Trường Đại học Cần Thơ
LEADER 00585nam a2200217Ia 4500
001 CTU_94552
008 210402s9999 xx 000 0 und d
020 |c 34000 
082 |a 495.6 
082 |b Th107 
100 |a Trần, Việt Thanh 
245 0 |a Văn phạm Nhật ngữ : 
245 0 |b (Trung cấp) 
245 0 |c Trần Việt Thanh 
260 |a Thành phố Hồ Chí Minh 
260 |b Trẻ 
260 |c 2004 
650 |a Japanese language 
650 |x Grammar 
904 |i Trúc 
980 |a Trung tâm Học liệu Trường Đại học Cần Thơ